[Event "Prague Menchik Memorial rapid"]
[Site "Prague"]
[Date "2018.06.10"]
[Round "2"]
[White "Muk, Ivo"]
[Black "Vybiral, Zdenek"]
[Result "0-1"]
[WhiteElo "1901"]
[BlackElo "2269"]
[PlyCount "86"]
[EventDate "2018.06.10"]
[EventType "swiss (rapid)"]
[EventRounds "9"]
[EventCountry "CZE"]
[SourceTitle "CBM 184 Extra"]
[Source "ChessBase"]
[SourceDate "2018.06.28"]
[SourceVersion "1"]
[SourceVersionDate "2018.06.28"]
[SourceQuality "1"]

1. c4 e5 2. Nc3 Nf6 3. d3 d5 4. cxd5 Nxd5 5. g3 Be7 6. Bg2 Nb6 7. Be3 0-0 8. Nf3 Nc6 9. h4 Bg4 10. a3 Re8 11. b4 Bf8 12. Ng5 h6 13. Nge4 a5 14. b5 Nd4 15. f3 Be6 16. 0-0 Bb3 17. Qc1 Nc2 18. Rb1 Bxa3 19. Qd2 Nxe3 20. Qxe3 Be6 21. Nc5 Qd4 22. Qxd4 exd4 23. N3e4 Bd5 24. g4 Bxc5 25. Nxc5 Rxe2 26. Rfe1 Rae8 27. Rxe2 Rxe2 28. Ra1 Rc2 29. Ne4 a4 30. f4 c5 31. g5 hxg5 32. hxg5 c4 33. dxc4 Rxc4 34. Nd6 Rc7 35. Bh3 g6 36. f5 gxf5 37. Bxf5 Kg7 38. Kf2 Re7 39. Ra3 Re5 40. Rh3 a3 41. Rh7+ Kg8 42. g6 fxg6 43. Bxg6 a2 0-1

[Event "Prague Golden rap op 13th"]
[Site "Prague"]
[Date "2017.07.01"]
[Round "2"]
[White "Kiss, Pal"]
[Black "Muk, Ivo"]
[Result "1-0"]
[WhiteElo "2339"]
[BlackElo "2010"]
[PlyCount "73"]
[EventDate "2017.07.01"]
[EventType "swiss (rapid)"]
[EventRounds "7"]
[EventCountry "CZE"]
[SourceTitle "EXT 2018"]
[Source "ChessBase"]
[SourceDate "2017.10.13"]
[SourceVersion "1"]
[SourceVersionDate "2017.10.13"]
[SourceQuality "1"]

1. d4 Nf6 2. c4 e6 3. Nf3 b6 4. g3 Bb7 5. Bg2 c5 6. d5 exd5 7. Nh4 g6 8. Nc3 Na6 9. 0-0 Nc7 10. Bf4 d6 11. Bg5 Be7 12. cxd5 h6 13. Bc1 b5 14. e4 Nd7 15. Nf3 Bf6 16. Re1 Kf8 17. Qc2 Kg7 18. Rb1 a5 19. b3 b4 20. Na4 Ba6 21. Bb2 Re8 22. Nd2 Ne5 23. f4 Bd3 24. Qd1 Bxb1 25. fxe5 Bxe5 26. Bxe5+ Rxe5 27. Qxb1 Nb5 28. Nc4 Re8 29. Qa1+ Kg8 30. e5 dxe5 31. Rxe5 Nd4 32. Qe1 Qd7 33. Nab6 Rxe5 34. Qxe5 Qg4 35. h3 Qd1+ 36. Kh2 Rf8 37. Nd7 1-0

[Event "Prague Golden rap op 13th"]
[Site "Prague"]
[Date "2017.07.01"]
[Round "6"]
[White "Mara, Jiri"]
[Black "Muk, Ivo"]
[Result "1/2-1/2"]
[WhiteElo "1642"]
[BlackElo "2010"]
[PlyCount "82"]
[EventDate "2017.07.01"]
[EventType "swiss (rapid)"]
[EventRounds "7"]
[EventCountry "CZE"]
[SourceTitle "EXT 2018"]
[Source "ChessBase"]
[SourceDate "2017.10.13"]
[SourceVersion "1"]
[SourceVersionDate "2017.10.13"]
[SourceQuality "1"]

1. e4 c5 2. Nf3 a6 3. c4 e6 4. g3 d5 5. cxd5 exd5 6. exd5 Nf6 7. Bg2 Nxd5 8. 0-0 Be7 9. Nc3 Nc7 10. d4 0-0 11. dxc5 Bxc5 12. Bf4 Ne6 13. Qxd8 Rxd8 14. Rfd1 Nc6 15. Bd2 Rb8 16. Ne4 Ba7 17. Bc3 Bd7 18. Ne5 Be8 19. Nd6 Nxe5 20. Bxe5 Rd7 21. Nxe8 Rxd1+ 22. Rxd1 Rxe8 23. Bxb7 Ng5 24. Bf4 Nh3+ 25. Kg2 Nxf2 26. Rf1 Nd3 27. Bxa6 Nxb2 28. Bc1 Na4 29. Bb5 Re4 30. Kf3 Rb4 31. Re1 f6 32. Bd7 Nc5 33. Bc6 Kf7 34. Ba3 Rd4 35. Be8+ Kg8 36. Re7 Rd3+ 37. Re3 Rd2 38. Re2 Rd3+ 39. Re3 Rd1 40. Re7 g5 41. Rxa7 Rd3+ 1/2-1/2

[Event "Prague Golden rap op 13th"]
[Site "Prague"]
[Date "2017.07.01"]
[Round "7"]
[White "Muk, Ivo"]
[Black "Krnak, Vladimir"]
[Result "1-0"]
[WhiteElo "2010"]
[BlackElo "1691"]
[PlyCount "191"]
[EventDate "2017.07.01"]
[EventType "swiss (rapid)"]
[EventRounds "7"]
[EventCountry "CZE"]
[SourceTitle "EXT 2018"]
[Source "ChessBase"]
[SourceDate "2017.10.13"]
[SourceVersion "1"]
[SourceVersionDate "2017.10.13"]
[SourceQuality "1"]

1. d4 Nf6 2. Nf3 g6 3. c4 Bg7 4. Nc3 0-0 5. g3 d6 6. Bg2 a6 7. 0-0 Nc6 8. Re1 Rb8 9. a4 Nb4 10. a5 Bd7 11. c5 h6 12. Qb3 dxc5 13. dxc5 Nc6 14. e4 Be6 15. Qa4 Nd7 16. Be3 Qc8 17. h3 Rd8 18. Kh2 Nde5 19. Nxe5 Nxe5 20. Nd5 Kf8 21. Red1 Bd7 22. Qc2 Bb5 23. f4 Nc4 24. Bd4 e5 25. Bf2 exf4 26. gxf4 Nxb2 27. Rdb1 Nc4 28. Ra2 c6 29. Nb6 Nxb6 30. axb6 Bd3 31. Qb3 Bxb1 32. Qxb1 Qe6 33. Bg3 Rbc8 34. Re2 Qc4 35. Rc2 Qd4 36. f5 Qd1 37. Qb3 Qd3 38. Qa2 Bd4 39. fxg6 fxg6 40. Bd6+ Kg7 41. Rd2 Qc3 42. Rd1 Re8 43. Rf1 Be5+ 44. Kh1 Bxd6 45. Qf7+ Kh8 46. cxd6 Qg7 47. Qxg7+ Kxg7 48. d7 Rcd8 49. dxe8Q Rxe8 50. Rd1 Kf6 51. Rd7 Re7 52. Rxe7 Kxe7 53. Kh2 c5 54. Kg3 c4 55. Kf2 Kd6 56. Ke3 Kc5 57. h4 h5 58. e5 a5 59. Kd2 a4 60. Kc3 Kxb6 61. e6 Kc7 62. Bd5 Kd6 63. Bxc4 b5 64. Ba2 Ke7 65. Kb4 g5 66. hxg5 h4 67. Bd5 Kd6 68. Ba2 Ke7 69. Kxb5 a3 70. Ka4 h3 71. Kxa3 h2 72. Bd5 h1Q 73. Bxh1 Kxe6 74. Be4 Kf7 75. Kb4 Kg7 76. Kc5 Kf7 77. Kd6 Kg7 78. Ke6 Kg8 79. Kf6 Kh8 80. Kg6 Kg8 81. Kh6 Kh8 82. g6 Kg8 83. Bd5+ Kf8 84. g7+ Ke7 85. g8Q Kd6 86. Qe6+ Kc5 87. Kg5 Kd4 88. Qe4+ Kc5 89. Qc4+ Kd6 90. Kf4 Ke7 91. Bf3 Kd6 92. Qd5+ Ke7 93. Ke5 Kf8 94. Qb7 Ke8 95. Ke6 Kf8 96. Qf7# 1-0

[Event "Prague Menchik Memorial rapid"]
[Site "Prague"]
[Date "2016.09.18"]
[Round "2"]
[White "Muk, Ivo"]
[Black "Movsesian, Sergei"]
[Result "0-1"]
[WhiteElo "1977"]
[BlackElo "2677"]
[PlyCount "66"]
[EventDate "2016.09.18"]
[EventType "swiss (rapid)"]
[EventRounds "9"]
[EventCountry "CZE"]
[SourceTitle "CBM 174 Extra"]
[Source "ChessBase"]
[SourceDate "2016.10.10"]
[SourceVersion "1"]
[SourceVersionDate "2016.10.10"]
[SourceQuality "1"]

1. c4 e5 2. Nc3 Nc6 3. g3 Nf6 4. Bg2 Bc5 5. e3 0-0 6. Nge2 a6 7. 0-0 Ba7 8. d4 d6 9. a3 Bf5 10. Re1 Qd7 11. b4 Bh3 12. Bh1 Rae8 13. b5 Na5 14. Qa4 exd4 15. Qxa5 Bb6 16. Qa4 dxc3 17. Bxb7 Ne4 18. Nf4 Nc5 19. Bc6 Nxa4 20. Bxd7 Bxd7 21. bxa6 Re4 22. Nd5 Ra8 23. Kg2 Rxc4 24. e4 Rxa6 25. f3 Kf8 26. e5 dxe5 27. Rxe5 Bd4 28. Rh5 h6 29. Nb4 Re6 30. Ra2 c5 31. Nd5 Nb2 32. Nf4 Re1 33. Bxb2 Rg1# 0-1

[Event "Klatovy op-A"]
[Site "Klatovy"]
[Date "2013.07.06"]
[Round "8"]
[White "Muk, Ivo"]
[Black "Cekan, Petr"]
[Result "0-1"]
[WhiteElo "2038"]
[BlackElo "1996"]
[PlyCount "54"]
[EventDate "2013.06.29"]
[EventType "swiss"]
[EventRounds "9"]
[EventCountry "CZE"]
[SourceTitle "EXT 2014"]
[Source "ChessBase"]
[SourceDate "2013.11.20"]
[SourceVersion "1"]
[SourceVersionDate "2013.11.20"]
[SourceQuality "1"]

1. d4 Nf6 2. c4 g6 3. Nc3 Bg7 4. e4 d6 5. f3 c6 6. Be3 0-0 7. Qd2 a6 8. a4 Qa5 9. Ra3 c5 10. d5 Re8 11. Qc2 e5 12. g4 h5 13. h3 Nbd7 14. Bd3 Kh8 15. Nge2 Rg8 16. Ng3 h4 17. Nf1 Nh7 18. g5 f6 19. Qg2 fxg5 20. Bxg5 Bf6 21. Bxf6+ Ndxf6 22. Qd2 Nh5 23. Qh6 Nf4 24. Kd2 Qb6 25. Kc2 g5 26. Nb5 axb5 27. a5 Qd8 0-1

[Event "Klatovy op-A"]
[Site "Klatovy"]
[Date "2013.07.04"]
[Round "6"]
[White "Cecil, Pavel"]
[Black "Muk, Ivo"]
[Result "0-1"]
[WhiteElo "1962"]
[BlackElo "2038"]
[PlyCount "80"]
[EventDate "2013.06.29"]
[EventType "swiss"]
[EventRounds "9"]
[EventCountry "CZE"]
[SourceTitle "EXT 2014"]
[Source "ChessBase"]
[SourceDate "2013.11.20"]
[SourceVersion "1"]
[SourceVersionDate "2013.11.20"]
[SourceQuality "1"]

1. d4 d6 2. Nf3 Nf6 3. g3 Nbd7 4. Bg2 c6 5. 0-0 e5 6. dxe5 dxe5 7. e4 Bc5 8. Qe2 0-0 9. h3 a5 10. b3 b5 11. Rd1 Qb6 12. Bb2 Re8 13. Nbd2 Rb8 14. Rab1 Ba6 15. c4 b4 16. Nf1 Re7 17. Rd2 Rbe8 18. Rbd1 Qa7 19. Ne1 Bb6 20. Nc2 Bc8 21. Nce3 g6 22. Kh2 Nc5 23. Nc2 Nh5 24. Bf3 Ng7 25. Nfe3 Qb7 26. Ng4 Bxg4 27. Bxg4 Rf8 28. Ne3 a4 29. bxa4 Nxa4 30. Rd7 Rxd7 31. Rxd7 Qb8 32. Ba1 Nc3 33. Bxc3 bxc3 34. Qc2 Bd4 35. Nd1 Qb4 36. Rc7 Qxc4 37. Bd7 c5 38. Bc6 Ne6 39. Bd5 Qf1 40. Bxe6 fxe6 0-1

[Event "Klatovy op-A"]
[Site "Klatovy"]
[Date "2013.07.02"]
[Round "4"]
[White "Kucera, Michal"]
[Black "Muk, Ivo"]
[Result "1-0"]
[WhiteElo "1945"]
[BlackElo "2038"]
[PlyCount "117"]
[EventDate "2013.06.29"]
[EventType "swiss"]
[EventRounds "9"]
[EventCountry "CZE"]
[SourceTitle "EXT 2014"]
[Source "ChessBase"]
[SourceDate "2013.11.20"]
[SourceVersion "1"]
[SourceVersionDate "2013.11.20"]
[SourceQuality "1"]

1. e4 c5 2. Nf3 a6 3. c3 d6 4. d4 Nd7 5. e5 dxe5 6. dxe5 e6 7. Bd3 Ne7 8. Bf4 Nd5 9. Bg3 b5 10. Nbd2 c4 11. Bc2 Nc5 12. 0-0 Be7 13. Ne4 Nxe4 14. Bxe4 Bb7 15. Qc2 h6 16. Rad1 Qb6 17. Nd4 0-0 18. Rfe1 Rfd8 19. Qc1 Rac8 20. Bb1 Nb4 21. a3 Nd5 22. Qc2 g6 23. Qe2 h5 24. h4 a5 25. Qc2 Bc5 26. Nf3 Ne7 27. Qe2 b4 28. axb4 axb4 29. Nd2 Qc6 30. Be4 Nd5 31. Qf3 Be7 32. Nf1 Qb5 33. Ne3 Rc5 34. Nxd5 exd5 35. e6 Rf8 36. Bb1 d4 37. Qf4 d3 38. cxb4 Rf5 39. exf7+ R8xf7 40. Qh6 Qc6 41. f3 Bf8 42. Qd2 Rb5 43. Re5 Bxb4 44. Qg5 Rxe5 45. Bxe5 Bc5+ 46. Kh2 Be7 47. Qg3 Ba6 48. Kh1 Kh7 49. Qf2 Bb5 50. f4 Ba4 51. Rc1 Bc5 52. Qe1 Qb6 53. Rxc4 Bb5 54. Rc1 Be3 55. Rc8 g5 56. Qd1 Kg6 57. Bxd3+ Bxd3 58. Qxd3+ Rf5 59. Qd7 1-0

[Event "CZE-chT2A 1112"]
[Site "Czech Republic"]
[Date "2012.02.19"]
[Round "8"]
[White "Muk, Ivo"]
[Black "Simunek, Ales"]
[Result "0-1"]
[WhiteElo "2111"]
[BlackElo "2225"]
[PlyCount "102"]
[EventDate "2011.10.09"]
[EventType "team-tourn"]
[EventRounds "11"]
[EventCountry "CZE"]
[SourceTitle "EXT 2013"]
[Source "ChessBase"]
[SourceDate "2012.11.22"]
[SourceVersion "1"]
[SourceVersionDate "2012.11.22"]
[SourceQuality "1"]
[WhiteTeam "Cesky Krumlov"]
[BlackTeam "Plzen Sokol"]
[WhiteTeamCountry "CZE"]
[BlackTeamCountry "CZE"]

1. d4 Nf6 2. c4 g6 3. Nc3 Bg7 4. e4 d6 5. f3 Nbd7 6. Be3 a6 7. Qd2 Rb8 8. Bd3 c6 9. a4 0-0 10. Nge2 e5 11. d5 Ne8 12. g4 Nc7 13. h4 cxd5 14. exd5 f5 15. gxf5 gxf5 16. Bg5 Qe8 17. h5 Nc5 18. Bc2 a5 19. 0-0-0 Kh8 20. h6 Bf6 21. Rdg1 Qe7 22. Rh5 Bd7 23. Ng3 Rg8 24. Nxf5 Bxf5 25. Bxf6+ Qxf6 26. Rxg8+ Rxg8 27. Rxf5 Rg1+ 28. Nd1 Qxf5 29. Bxf5 Nb3+ 30. Kc2 Nxd2 31. Kxd2 Rh1 32. Ne3 Rxh6 33. Ng4 Rh5 34. Bc8 b6 35. Nf6 Rh4 36. Ne4 Rh6 37. Kc3 Kg7 38. b4 Kf8 39. bxa5 bxa5 40. Bb7 Ke7 41. c5 Ne8 42. Bc6 dxc5 43. Nxc5 Nd6 44. Nb3 Rf6 45. Nxa5 h5 46. Nc4 Rxf3+ 47. Kb4 Rf4 48. Bb5 h4 49. a5 h3 50. a6 Nxc4 51. a7 Rf8 0-1

[Event "CZE-chT2A 1112"]
[Site "Czech Republic"]
[Date "2012.02.05"]
[Round "7.5"]
[White "Cuhra, Martin"]
[Black "Muk, Ivo"]
[Result "1-0"]
[WhiteElo "2169"]
[BlackElo "2111"]
[PlyCount "141"]
[EventDate "2011.10.09"]
[EventType "team-tourn"]
[EventRounds "11"]
[EventCountry "CZE"]
[SourceTitle "EXT 2013"]
[Source "ChessBase"]
[SourceDate "2012.11.22"]
[SourceVersion "1"]
[SourceVersionDate "2012.11.22"]
[SourceQuality "1"]
[WhiteTeam "Ceske Budejovice"]
[BlackTeam "Cesky Krumlov"]
[WhiteTeamCountry "CZE"]
[BlackTeamCountry "CZE"]

1. d4 Nf6 2. c4 e6 3. g3 d5 4. Bg2 c6 5. Nf3 Bd6 6. Qc2 Nbd7 7. 0-0 Ne4 8. Nc3 f5 9. Bf4 Bxf4 10. gxf4 Ndf6 11. Ne5 0-0 12. Rad1 Bd7 13. Rd3 Be8 14. Kh1 Rc8 15. c5 Rc7 16. Nxe4 Nxe4 17. Rh3 Kh8 18. Nf3 Rg8 19. Qc1 g5 20. Nxg5 Nxg5 21. fxg5 Qxg5 22. Rg3 Qxc1 23. Rxc1 Rg6 24. Bf3 Kg7 25. e3 Kf6 26. Rd1 e5 27. dxe5+ Kxe5 28. Rd4 b6 29. cxb6 axb6 30. Kg2 Rd6 31. Rg8 Bg6 32. Kf1 Ra7 33. a3 c5 34. Rd1 c4 35. Rc8 Rad7 36. Rd4 Rg7 37. Ke2 Bf7 38. Rc7 Rh6 39. h4 Rd6 40. Kd2 Kf6 41. Rcxc4 Ke5 42. Rc7 Kf6 43. Rb4 Be6 44. Rxg7 Kxg7 45. Kd3 Kf6 46. Kd4 Bd7 47. Rb3 f4 48. Rc3 fxe3 49. fxe3 Bc6 50. Rc1 Ke7 51. Rg1 Rh6 52. h5 Kd6 53. Rg5 Rf6 54. Bxd5 Rf2 55. Bxc6 Kxc6 56. Rg7 Rxb2 57. Rxh7 Ra2 58. Rf7 Rxa3 59. Rf4 Ra5 60. h6 Rh5 61. Rf6+ Kb5 62. e4 Rh4 63. Kd5 Rh1 64. e5 Rd1+ 65. Ke6 Re1 66. h7 Rh1 67. Rf7 Kc6 68. Kf6 b5 69. Kg7 Rg1+ 70. Kf8 Rh1 71. e6 1-0

[Event "CZE-chT2A 1112"]
[Site "Czech Republic"]
[Date "2011.10.09"]
[Round "1"]
[White "Chalus, Karel"]
[Black "Muk, Ivo"]
[Result "1/2-1/2"]
[WhiteElo "2127"]
[BlackElo "2111"]
[PlyCount "38"]
[EventDate "2011.10.09"]
[EventType "team-tourn"]
[EventRounds "11"]
[EventCountry "CZE"]
[SourceTitle "EXT 2013"]
[Source "ChessBase"]
[SourceDate "2012.11.22"]
[SourceVersion "1"]
[SourceVersionDate "2012.11.22"]
[SourceQuality "1"]
[WhiteTeam "Plzen Letna"]
[BlackTeam "Cesky Krumlov"]
[WhiteTeamCountry "CZE"]
[BlackTeamCountry "CZE"]

1. e4 c5 2. Nf3 e6 3. d4 cxd4 4. Nxd4 a6 5. g3 d5 6. Bg2 dxe4 7. Bxe4 Nf6 8. Bg2 e5 9. Nb3 Qxd1+ 10. Kxd1 Nc6 11. Be3 Be6 12. c3 Nd5 13. Bc5 Nxc3+ 14. bxc3 Bxb3+ 15. axb3 Bxc5 16. Bxc6+ bxc6 17. Ra5 Bd6 18. Ke2 Ke7 19. Nd2 Ra7 1/2-1/2

[Event "Plzen op-A 10th"]
[Site "Plzen"]
[Date "2004.??.??"]
[Round "4"]
[White "Maurer, Jochen"]
[Black "Muk, Ivo"]
[Result "1-0"]
[WhiteElo "2195"]
[BlackElo "1915"]
[PlyCount "69"]
[EventDate "2004.08.??"]
[EventType "swiss"]
[EventRounds "9"]
[EventCountry "CZE"]
[SourceTitle "EXT 2007"]
[Source "ChessBase"]
[SourceDate "2006.11.23"]
[SourceVersion "1"]
[SourceVersionDate "2006.11.23"]
[SourceQuality "1"]

1. e4 c5 2. Nf3 a6 3. c3 d6 4. d4 Nd7 5. Bd3 Qc7 6. Qe2 e5 7. 0-0 Ngf6 8. h3 b5 9. Nbd2 Be7 10. a4 c4 11. Bc2 Bb7 12. axb5 axb5 13. Rxa8+ Bxa8 14. b3 cxb3 15. Bxb3 0-0 16. Bb2 Qb7 17. d5 Nc5 18. Ba3 Nxb3 19. Nxb3 Nd7 20. g4 g6 21. Kh2 f5 22. gxf5 gxf5 23. Rg1+ Kh8 24. Qe3 Qb6 25. Qh6 Bf6 26. Nbd4 Rg8 27. Rxg8+ Kxg8 28. Ng5 Bxg5 29. Qxg5+ Kh8 30. exf5 Nc5 31. Qe7 h5 32. Qe8+ Kh7 33. Qxh5+ Kg7 34. Qg6+ Kf8 35. Bxc5 1-0

[Event "Plzen op-A 10th"]
[Site "Plzen"]
[Date "2004.??.??"]
[Round "5"]
[White "Muk, Ivo"]
[Black "Toman, Jan"]
[Result "0-1"]
[WhiteElo "1915"]
[BlackElo "2100"]
[PlyCount "158"]
[EventDate "2004.08.??"]
[EventType "swiss"]
[EventRounds "9"]
[EventCountry "CZE"]
[SourceTitle "EXT 2007"]
[Source "ChessBase"]
[SourceDate "2006.11.23"]
[SourceVersion "1"]
[SourceVersionDate "2006.11.23"]
[SourceQuality "1"]

1. d4 Nf6 2. c4 g6 3. Nc3 Bg7 4. e4 d6 5. f3 0-0 6. Be3 Nc6 7. Nge2 a6 8. Qd2 Rb8 9. d5 Ne5 10. Nd4 c5 11. Nc2 Ne8 12. Be2 Nc7 13. 0-0 b5 14. b3 bxc4 15. bxc4 Na8 16. Rab1 Rxb1 17. Rxb1 Qc7 18. Bh6 Bb7 19. Bxg7 Kxg7 20. f4 Nd7 21. Ne3 Rb8 22. Ncd1 Bc8 23. Qc3+ Kg8 24. Ng4 f6 25. Rc1 Rb4 26. Qe3 Qb8 27. Bd3 Nab6 28. f5 Nf8 29. Nh6+ Kg7 30. fxg6 hxg6 31. h4 e5 32. g4 Qc7 33. Nf2 Qe7 34. h5 g5 35. Nf5+ Bxf5 36. exf5 Kh6 37. Ne4 Rb2 38. a3 Qd8 39. Qe1 Nc8 40. Rb1 Qb6 41. Nxf6 Qb3 42. Rxb2 Qxb2 43. Qe3 Qa1+ 44. Kg2 Qb2+ 45. Kg3 Qd4 46. Qxd4 exd4 47. Kf3 Kg7 48. Ne8+ Kf7 49. Nc7 Nd7 50. Be2 Ne5+ 51. Kg3 d3 52. Bd1 Nxc4 53. Ne6 Nb2 54. h6 Kg8 55. Bf3 Nc4 56. f6 Ne5 57. Nxg5 d2 58. Bd1 Nb6 59. h7+ Kh8 60. f7 Ng6 61. Ne6 Nxd5 62. f8Q+ Nxf8 63. Nxf8 Ne3 64. Ba4 c4 65. Kf3 d1Q+ 66. Bxd1 Nxd1 67. Ke2 Nc3+ 68. Ke3 d5 69. g5 Nb5 70. a4 d4+ 71. Kd2 Na3 72. g6 c3+ 73. Kd1 d3 74. Nd7 Nc4 75. Nc5 Nb2+ 76. Kc1 d2+ 77. Kc2 d1Q+ 78. Kxc3 Qc1+ 79. Kb4 Qd2+ 0-1

[Event "Plzen op-A 10th"]
[Site "Plzen"]
[Date "2004.??.??"]
[Round "7"]
[White "Muk, Ivo"]
[Black "Zimmer, Christian"]
[Result "1-0"]
[WhiteElo "1915"]
[BlackElo "2020"]
[PlyCount "113"]
[EventDate "2004.08.??"]
[EventType "swiss"]
[EventRounds "9"]
[EventCountry "CZE"]
[SourceTitle "EXT 2007"]
[Source "ChessBase"]
[SourceDate "2006.11.23"]
[SourceVersion "1"]
[SourceVersionDate "2006.11.23"]
[SourceQuality "1"]

1. d4 d5 2. c4 dxc4 3. Nc3 a6 4. a4 e5 5. e3 exd4 6. exd4 Nc6 7. Be3 Na5 8. Nf3 Bb4 9. Nd2 Be6 10. Be2 Nf6 11. 0-0 h6 12. Bf3 c6 13. Re1 0-0 14. Qc2 Qd7 15. Rad1 Bf5 16. Qc1 Rfe8 17. Be2 b5 18. b3 cxb3 19. Qb2 Qd6 20. Nxb3 Ba3 21. Qa2 Be6 22. d5 Nxd5 23. Ne4 Qb4 24. Bc5 Qxb3 25. Qxa3 Qxa3 26. Bxa3 Nb7 27. Rc1 Nf4 28. Bf1 Bb3 29. g3 Ng6 30. f4 Bxa4 31. Bg2 Bb3 32. Rxc6 Na5 33. Rc3 f5 34. Bb4 fxe4 35. Bxa5 Bd5 36. Rd1 Bc4 37. Rd6 Nf8 38. Kf2 Rac8 39. Bb4 Ra8 40. Ra3 Nh7 41. Raxa6 Rxa6 42. Rxa6 Nf6 43. Bh3 Bd3 44. Be6+ Kh8 45. h3 Rd8 46. f5 Ne8 47. Ra7 Nf6 48. Be7 Rb8 49. g4 b4 50. Bb3 Kh7 51. Ke3 Bf1 52. Bxf6 Rg8 53. Bxg8+ Kxg8 54. Rxg7+ Kf8 55. Kxe4 Bxh3 56. Kf4 Bg2 57. Rh7 1-0

[Event "Klatovy op-B"]
[Site "Klatovy"]
[Date "2001.??.??"]
[Round "?"]
[White "Danek, Vaclav"]
[Black "Muk, Ivo"]
[Result "0-1"]
[WhiteElo "1870"]
[BlackElo "1940"]
[PlyCount "80"]
[EventDate "2001.07.??"]
[EventType "swiss"]
[EventRounds "9"]
[EventCountry "CZE"]
[SourceTitle "EXT 2006"]
[Source "ChessBase"]
[SourceDate "2005.11.24"]
[SourceVersion "1"]
[SourceVersionDate "2005.11.24"]
[SourceQuality "1"]

1. b4 d5 2. Bb2 Qd6 3. a3 e5 4. e3 Be6 5. d4 Nd7 6. dxe5 Nxe5 7. Nf3 Nd7 8. Nbd2 Ngf6 9. c4 c6 10. cxd5 cxd5 11. Qa4 Be7 12. Be5 Qb6 13. Rc1 Bd6 14. Bxf6 gxf6 15. Nd4 Ke7 16. f4 Bxf4 17. Qb3 Bh6 18. Be2 Ne5 19. Kf2 Rhg8 20. Rc5 Rad8 21. Qc2 Rg6 22. a4 Kf8 23. Rc1 Re8 24. Rb5 Qd6 25. Rxb7 Nc4 26. Nxc4 dxc4 27. Nxe6+ Rxe6 28. Kg1 Bxe3+ 29. Kh1 Bxc1 30. Rxf7+ Kxf7 31. Bxc4 Bf4 32. Qe2 Ke7 33. Bxe6 Qxe6 34. Qf2 Qe3 35. Qxe3+ Bxe3 36. b5 Rg4 37. g3 Rxa4 38. Kg2 Rb4 39. Kf3 Bg1 40. h4 Rxb5 0-1

[Event "Klatovy op-B"]
[Site "Klatovy"]
[Date "2001.??.??"]
[Round "?"]
[White "Jina, Lubos"]
[Black "Muk, Ivo"]
[Result "0-1"]
[WhiteElo "1780"]
[BlackElo "1940"]
[PlyCount "68"]
[EventDate "2001.07.??"]
[EventType "swiss"]
[EventRounds "9"]
[EventCountry "CZE"]
[SourceTitle "EXT 2006"]
[Source "ChessBase"]
[SourceDate "2005.11.24"]
[SourceVersion "1"]
[SourceVersionDate "2005.11.24"]
[SourceQuality "1"]

1. d4 Nf6 2. c4 e6 3. Nc3 Bb4 4. Qc2 c5 5. dxc5 Qa5 6. Bd2 Qxc5 7. e3 d5 8. a3 Bxc3 9. Bxc3 Qc7 10. Nf3 Nbd7 11. Rc1 0-0 12. Be2 b6 13. 0-0 Bb7 14. cxd5 Rac8 15. dxe6 fxe6 16. Nd4 Bd5 17. Ba6 Ng4 18. g3 Qe5 19. h4 Rxc3 20. Qxc3 Rxf2 21. e4 Qxe4 22. Nf3 Rxf3 23. Rxf3 Qxf3 24. Qxf3 Bxf3 25. Rc7 Nc5 26. Bc8 a5 27. b4 axb4 28. axb4 Ne4 29. Bxe6+ Kf8 30. Rf7+ Ke8 31. Rxf3 Ngf6 32. Re3 Kd8 33. Kg2 Kc7 34. Bf5 Nd6 0-1

[Event "Klatovy op-B"]
[Site "Klatovy"]
[Date "2001.??.??"]
[Round "?"]
[White "Muk, Ivo"]
[Black "Sibl, Vaclav"]
[Result "1-0"]
[WhiteElo "1940"]
[BlackElo "1895"]
[PlyCount "113"]
[EventDate "2001.07.??"]
[EventType "swiss"]
[EventRounds "9"]
[EventCountry "CZE"]
[SourceTitle "EXT 2006"]
[Source "ChessBase"]
[SourceDate "2005.11.24"]
[SourceVersion "1"]
[SourceVersionDate "2005.11.24"]
[SourceQuality "1"]

1. d4 Nf6 2. c4 e5 3. dxe5 Ng4 4. e4 Nxe5 5. f4 Nec6 6. a3 a5 7. b3 Bc5 8. Bb2 0-0 9. Qd3 d6 10. g3 Re8 11. Nd2 Be6 12. Ne2 f6 13. Bg2 Nd7 14. Bf3 Qe7 15. h4 Rf8 16. h5 Rae8 17. g4 Bb6 18. 0-0-0 Rb8 19. Rh2 Nc5 20. Qc3 Bd7 21. Rg2 Ne6 22. Nf1 Bc5 23. Neg3 Ned8 24. Nf5 Bxf5 25. gxf5 h6 26. Rd3 Kh7 27. Qe1 b5 28. cxb5 Rxb5 29. Ne3 Rb8 30. Nd5 Qf7 31. Be2 Bd4 32. Bxd4 Nxd4 33. Rxd4 c6 34. Bc4 cxd5 35. Bxd5 Rc8+ 36. Kb2 Qxh5 37. Qg3 Rc7 38. Rc4 Ra7 39. Rgc2 Qe8 40. Rg2 Re7 41. Rc1 Nb7 42. b4 axb4 43. axb4 Qb5 44. Qb3 Rb8 45. Rh2 Nd8 46. Rc4 Ra7 47. Qg3 Qe8 48. Qg1 Re7 49. Kc3 Nb7 50. Kd4 Nd8 51. Rhc2 Kh8 52. Rh2 Kh7 53. Ra2 Kh8 54. Ra6 Qd7 55. Qa1 Kh7 56. Ra8 Rxa8 57. Qxa8 1-0

[Event "Schneider Bohemia op-C"]
[Site "Plzen"]
[Date "2000.??.??"]
[Round "?"]
[White "Hlina, Miloslav"]
[Black "Muk, Ivo"]
[Result "1/2-1/2"]
[WhiteElo "1645"]
[BlackElo "1930"]
[PlyCount "90"]
[EventDate "2000.??.??"]
[EventType "swiss"]
[EventRounds "9"]
[EventCountry "CZE"]
[SourceTitle "EXT 2003"]
[Source "ChessBase"]
[SourceDate "2002.11.25"]
[SourceVersion "1"]
[SourceVersionDate "2002.11.25"]
[SourceQuality "1"]

1. d4 Nf6 2. c4 e6 3. Nc3 Bb4 4. Bd2 d5 5. e3 0-0 6. Nf3 b6 7. Be2 Bb7 8. 0-0 c5 9. dxc5 bxc5 10. Qb3 Nc6 11. cxd5 exd5 12. Rfd1 Rb8 13. a3 Ba5 14. Qc2 Qe7 15. Be1 Rfe8 16. Na4 c4 17. Bxa5 Nxa5 18. Nc3 Nb3 19. Rab1 g6 20. Nd4 Nc5 21. b3 cxb3 22. Nxb3 Nce4 23. Nxe4 Nxe4 24. Qd3 Qf6 25. Rf1 Nc3 26. Rbc1 Nxe2+ 27. Qxe2 Ba6 28. Qc2 Bxf1 29. Kxf1 Qa6+ 30. Ke1 Rec8 31. Qa2 Rxc1+ 32. Nxc1 Rc8 33. Qb2 d4 34. exd4 Qc4 35. Kd2 Rd8 36. Ne2 Re8 37. Ng3 f5 38. Qb4 Qa2+ 39. Kd3 f4 40. Ne4 Qe6 41. f3 Rc8 42. a4 Qa2 43. Nc5 Qxg2 44. Qc4+ Kh8 45. Qd5 Qf1+ 1/2-1/2

[Event "Schneider Bohemia op-C"]
[Site "Plzen"]
[Date "2000.??.??"]
[Round "?"]
[White "Zvolanek, J."]
[Black "Muk, Ivo"]
[Result "1-0"]
[WhiteElo "1705"]
[BlackElo "1930"]
[PlyCount "71"]
[EventDate "2000.??.??"]
[EventType "swiss"]
[EventRounds "9"]
[EventCountry "CZE"]
[SourceTitle "EXT 2003"]
[Source "ChessBase"]
[SourceDate "2002.11.25"]
[SourceVersion "1"]
[SourceVersionDate "2002.11.25"]
[SourceQuality "1"]

1. e4 c5 2. Nf3 a6 3. c3 d6 4. d4 Nd7 5. Bd3 b5 6. 0-0 c4 7. Bc2 Bb7 8. Re1 e5 9. Nbd2 Qc7 10. Nf1 Ngf6 11. Ng3 g6 12. Bg5 h6 13. Bd2 Bg7 14. a4 0-0 15. h3 Rfe8 16. Nh2 d5 17. dxe5 Nxe5 18. f4 Nc6 19. e5 Nd7 20. Qg4 Nc5 21. e6 Nd3 22. Bxd3 cxd3 23. f5 Ne5 24. exf7+ Qxf7 25. fxg6 Qf8 26. Qh5 Nc4 27. Bxh6 Qc5+ 28. Kh1 Re7 29. Rxe7 Qxe7 30. Nf5 Qe2 31. Ng4 d4 32. Rg1 Bxg2+ 33. Rxg2 Qd1+ 34. Kh2 Be5+ 35. Nxe5 Qxh5 36. Ne7+ 1-0